Day shift 2022 / directed by J.J. Perry ; produced by Peter Baxter ; written by Tyler Tice, Shay Hatten. (Record no. 20729)
| 000 -LEADER | |
|---|---|
| fixed length control field | 01033nam a22002657a 4500 |
| 008 - FIXED-LENGTH DATA ELEMENTS--GENERAL INFORMATION | |
| fixed length control field | 250524b xxu||||| |||| 00| 0 eng d |
| 082 ## - DEWEY DECIMAL CLASSIFICATION NUMBER | |
| Classification number | 791.4372 |
| Item number | D333 |
| 245 ## - TITLE STATEMENT | |
| Title | Day shift 2022 / directed by J.J. Perry ; produced by Peter Baxter ; written by Tyler Tice, Shay Hatten. |
| 260 ## - PUBLICATION, DISTRIBUTION, ETC. (IMPRINT) | |
| Place of publication, distribution, etc | United States : |
| Name of publisher, distributor, etc | Netflix, |
| Date of publication, distribution, etc | 2022. |
| 300 ## - PHYSICAL DESCRIPTION | |
| Extent | 1 videofile (ca. 114 minutes.) : |
| Other physical details | sound, color. |
| 520 ## - SUMMARY, ETC. | |
| Summary, etc | A hard-working, blue-collar dad just wants to provide a good life for his quick-witted 10-year-old daughter. His mundane San Fernando Valley pool cleaning job is a front for his real source of income: hunting and killing vampires. |
| 546 ## - LANGUAGE NOTE | |
| Language note | In English subtitle. |
| 650 ## - SUBJECT ADDED ENTRY--TOPICAL TERM | |
| Topical term or geographic name as entry element | Comedy. |
| 650 ## - SUBJECT ADDED ENTRY--TOPICAL TERM | |
| Topical term or geographic name as entry element | Action. |
| 650 ## - SUBJECT ADDED ENTRY--TOPICAL TERM | |
| Topical term or geographic name as entry element | Fantasy. |
| 650 ## - SUBJECT ADDED ENTRY--TOPICAL TERM | |
| Topical term or geographic name as entry element | Horror. |
| 650 ## - SUBJECT ADDED ENTRY--TOPICAL TERM | |
| Topical term or geographic name as entry element | Thriller. |
| 700 ## - ADDED ENTRY--PERSONAL NAME | |
| Personal name | Fox, Jamie, star. |
| 700 ## - ADDED ENTRY--PERSONAL NAME | |
| Personal name | Franco, Dave, star. |
| 700 ## - ADDED ENTRY--PERSONAL NAME | |
| Personal name | Bordizzo, Natasha Liu, star. |
| 700 ## - ADDED ENTRY--PERSONAL NAME | |
| Personal name | Good, Maegan, star. |
| 700 ## - ADDED ENTRY--PERSONAL NAME | |
| Personal name | Carson, Tom, producer. |
| 700 ## - ADDED ENTRY--PERSONAL NAME | |
| Personal name | Fox, Jamie, producer. |
| 942 ## - ADDED ENTRY ELEMENTS (KOHA) | |
| Source of classification or shelving scheme | |
| Item type | Audio-Visual Materials |
No copies available.